000 00634nam a22001457a 4500
008 150424b xxu||||| |||| 00| 0 eng d
020 _a9968806234
082 _a338.972.86
_bS 456s
110 _aProyecto Estado de la Region-PNUD
_92501
245 _aSegundo informe sobre desarrollo humano en Centroamerica y Panama/
_bProyecto estado de la region
_cProyecto Estado de la Region-PNUD
260 _aSan José, Costa Rica
_bProyecto Estado de la Nación
_c2003
300 _a444 p.
_bill. (col) map
_c28 cm
650 _xPolitica Economica
_xDesarrollo Social
_zAmerica Central
_zPanama
_92502
710 _aProyecto Estado de la Region - PNUD
_92503
999 _c546
_d546